Royal Society calls for evidence (Record no. 68573)
[ view plain ]
| 000 -LEADER | |
|---|---|
| fixed length control field | 01020cam a2200217 4500 |
| 001 - CONTROL NUMBER | |
| control field | WB3739-33 |
| 008 - FIXED-LENGTH DATA ELEMENTS--GENERAL INFORMATION | |
| fixed length control field | 011016n2001 000 0 eng u |
| 035 ## - SYSTEM CONTROL NUMBER | |
| System control number | (Sirsi) u115137 |
| 245 ## - TITLE STATEMENT | |
| Title | Royal Society calls for evidence |
| 260 ## - PUBLICATION, DISTRIBUTION, ETC. | |
| Date of publication, distribution, etc. | 2001 |
| 490 ## - SERIES STATEMENT | |
| Series statement | Royal Society News Release |
| Volume/sequential designation | 11 October 2001 (4) |
| 520 ## - SUMMARY, ETC. | |
| Summary, etc. | The Royal Society is inviting detailed evidence, following its initial call for views, for its Inquiry into Infectious Diseases in Livestock. For further information on the inquiry and how to send in material see http://www.royalsoc.ac.uk/inquiry/index.html. Responses must be received no later than 30 November 2001 to the Inquiry Adminstrator, Saskia Gretton, [email protected], tel +44 [0[20 7451 2562 or fax +44 [0] 20 7451 2692. |
| 590 ## - LOCAL NOTE (RLIN) | |
| Local note | WB |
| 650 ## - SUBJECT ADDED ENTRY--TOPICAL TERM | |
| Topical term or geographic name entry element | PROPERTY-RURAL AND NATURAL ASSETS-AGRICULTURAL PROPERTY-LIVESTOCK |
| 650 ## - SUBJECT ADDED ENTRY--TOPICAL TERM | |
| Topical term or geographic name entry element | ANIMAL HEALTH |
| 650 ## - SUBJECT ADDED ENTRY--TOPICAL TERM | |
| Topical term or geographic name entry element | FARMING |
| 650 ## - SUBJECT ADDED ENTRY--TOPICAL TERM | |
| Topical term or geographic name entry element | DISEASES |
| 650 ## - SUBJECT ADDED ENTRY--TOPICAL TERM | |
| Topical term or geographic name entry element | INQUIRIES |
| 690 ## - LOCAL SUBJECT ADDED ENTRY--TOPICAL TERM (OCLC, RLIN) | |
| Topical term or geographic name as entry element | RURAL-AGRICULTURE AND FORESTRY |
| 942 ## - ADDED ENTRY ELEMENTS (KOHA) | |
| Suppress in OPAC | 0 |
| Withdrawn status | Lost status | Source of classification or shelving scheme | Damaged status | Not for loan | Home library | Current library | Shelving location | Date acquired | Total Checkouts | Full call number | Barcode | Date last seen | Copy number | Price effective from | Koha item type |
|---|---|---|---|---|---|---|---|---|---|---|---|---|---|---|---|
| Dewey Decimal Classification | London | London | News article | 16/10/2001 | WB3739-33 | 115137-1001 | 06/08/2019 | 1 | 06/08/2019 | News article |